00633nam a2200229Ia 450000100060000000300090000600800410001504000130005604000130006904100130008210000210009510000290011624500310014524500310017625000110020726000110021826000170022926000490024630000550029565000220035065000310037220020IT-RoPAU130308s9999 xx 000 0 und d aIT-RoPAU cIT-RoPAU aITALIANO aCavallone Franco gCodice Aut. SPICS: 8254 aKrazy Kat: il gatto Bovary bEnciclopedia del Fumetto-1 a1a ed. aMILANO bMilano Libri c1969 [1° Ed.:1969 - Ed.Ling.Originale:1965] a"5 p. (prefazione: no ; testo: 5 [pagine: 48-52])" aSAGGI SUL FUMETTO eCodice materia Spics: 6711